| Поле | Инд. | ПП | Название | Значение |
|---|---|---|---|---|
| Тип записи | a | |||
| Библиографический уровень | m | |||
| 001 | _ | Контрольный номер | RU/ЭБС IPR BOOKS/102062 | |
| 005 | Дата корректировки | 20250915130933.0 | ||
| 008 | Кодируемые данные | 211122s2021 RU y f j 000 1 rus u | ||
| 020 | a | ISBN | 978-5-4497-0930-1 | |
| 040 | c | Служба, преобразующая запись | ЭБС IPR BOOKS | |
| 041 | a | Код языка текста | rus | |
| 044 | a | Код страны публикации | RU | |
| 080 | a | Индекс УДК | 681.3 | |
| 084 | 2 | Источник индекса | rubbk | |
| a | Индекс другой классификации/Индекс ББК | 32.97 | ||
| 100 | 1_ | a | Автор | Бражук, А. И. |
| 4 | Код отношения | 070 | ||
| 245 | a | Заглавие | Сетевые средства Linux | |
| b | Продолж. заглавия | учебное пособие | ||
| c | Ответственность | А. И. Бражук | ||
| 250 | g | 2022-12-24 | ||
| a | Основные сведения об издании | Сетевые средства Linux | ||
| 256 | a | Характеристики компьютерного файла | Электрон. дан. (1 файл) | |
| 260 | a | Место издания | Москва | |
| b | Издательство | Интернет-Университет Информационных Технологий (ИНТУИТ), Ай Пи Ар Медиа | ||
| c | Дата издания | 2021 | ||
| 300 | a | Объем | 146 с. | |
| 500 | a | Примечание | Книга находится в премиум-версии ЭБС IPR BOOKS. | |
| 516 | a | Прим. о типе комп. файла/ данных | Текст | |
| 520 | a | Аннотация | В учебном пособии рассматриваются вопросы настройки сетевых интерфейсов, маршрутизации, фильтрации трафика базовыми средствами Linux, технологии трансляции сетевых адресов (NAT), а также диагностики сетевых подключении приложениями протокола ICMP и средствами анализа сетевого трафика. Изложены вопросы использования программы VirtualBox для изучения сетевых возможностей Linux, настройки сетевых интерфейсов и маршрутизации сетевого трафика с помощью пакетов iproute2, команд ifconfig, arp, route, конфигурационных файлов сетевой подсистемы, особенности транспортного и прикладного уровней, диагностики сетевых подключений с помощью соответствующих утилит (ping, traceroute, netstat) и анализа сетевого трафика средствами tcpdump, организации на основе Linux маршрутизатора, межсетевого экрана и системы доступа в Интернет на сетевом уровне, использования технологий виртуальных частных сетей. Изложение материала сопровождается примерами, типичных для условий небольшой сети. Приведенные примеры можно легко воспроизвести в среде VirtualBox. | |
| 521 | a | Примеч. о целев. назн. | Гарантированный срок размещения в ЭБС до 24.12.2022 (автопролонгация) | |
| 538 | a | Прим. о системных особенностях | электронный | |
| 653 | a | Ключевые слова | сетевое средство | |
| 653 | a | Ключевые слова | сетевой интерфейс | |
| 653 | a | Ключевые слова | Linux | |
| 653 | a | Ключевые слова | сетевой адрес | |
| 653 | a | Ключевые слова | сетевой трафик | |
| 653 | a | Ключевые слова | VirtualBox | |
| 653 | a | Ключевые слова | марштуризация | |
| 653 | a | Ключевые слова | межсетевой экран | |
| 653 | a | Ключевые слова | виртуальная сеть | |
| 856 | 4_ | u | URL | http://www.iprbookshop.ru/102062.html |
| z | Примечание для пользователя | Участвует в КО |